[Event "Asia-chT rapid"]
[Site "Hong Kong"]
[Date "2024.08.23"]
[Round "7.14"]
[White "Parondo, Rolly"]
[Black "Bai, Jinshi"]
[Result "0-1"]
[WhiteElo "2193"]
[BlackElo "2549"]
[PlyCount "140"]
[EventDate "2024.08.22"]
[EventType "team-swiss (rapid)"]
[EventRounds "11"]
[EventCountry "HKG"]
[SourceTitle "CBM 221 Extra"]
[Source "ChessBase"]
[SourceDate "2024.09.30"]
[SourceVersion "1"]
[SourceVersionDate "2024.09.30"]
[SourceQuality "1"]
[WhiteTeam "Filipino CC"]
[BlackTeam "Schnappi Krokodil"]
[WhiteTeamCountry "PHI"]
[BlackTeamCountry "CHN"]

1. d4 Nf6 2. Bf4 g6 3. e3 Bg7 4. Nf3 0-0 5. h3 c5 6. c3 Qb6 7. Qb3 d6 8. Nbd2 Be6 9. Qxb6 axb6 10. a3 Nc6 11. Be2 cxd4 12. cxd4 Nd5 13. Bh2 h6 14. 0-0 f5 15. Rfd1 Rfd8 16. Rac1 Rac8 17. b4 Bf7 18. Kf1 Nb8 19. Nb1 Nd7 20. Bb5 N7f6 21. Nfd2 g5 22. Bd3 Be6 23. Ke2 Kf8 24. Rh1 Bd7 25. Rhd1 Rc6 26. b5 Rcc8 27. a4 Be6 28. f3 f4 29. e4 Ne3 30. d5 Bf7 31. Nc4 Nxc4 32. Rxc4 Rxc4 33. Bxc4 Ra8 34. Bb3 Nd7 35. Bg1 Rc8 36. Kd2 Bb2 37. Bf2 h5 38. Rh1 Kg7 39. Bc2 Kf6 40. Kd1 e6 41. dxe6 Bxe6 42. Nd2 Ke7 43. g3 Ne5 44. h4 Nxf3 45. Nxf3 Bg4 46. Kd2 Bxf3 47. Rb1 Be5 48. gxf4 Bxf4+ 49. Kd3 g4 50. Bxb6 Rxc2 51. Kxc2 Bxe4+ 52. Kb2 Be5+ 53. Ka2 Bxb1+ 54. Kxb1 Bg3 55. a5 Kd7 56. a6 bxa6 57. bxa6 Kc6 58. a7 Kb7 59. Kc2 Bxh4 60. Kd3 d5 61. Ke3 Bg3 62. Ke2 h4 63. Kf1 h3 64. Bd4 Bh2 65. Ke2 Bf4 66. Kf1 g3 67. Kg1 Bd2 68. Kf1 Be1 69. Kg1 Bf2+ 70. Bxf2 h2+ 0-1

[Event "Asia-chT rapid"]
[Site "Hong Kong"]
[Date "2024.08.22"]
[Round "4.20"]
[White "Parondo, Rolly"]
[Black "Zhang, Yuhao"]
[Result "1-0"]
[WhiteElo "2193"]
[BlackElo "1716"]
[PlyCount "73"]
[EventDate "2024.08.22"]
[EventType "team-swiss (rapid)"]
[EventRounds "11"]
[EventCountry "HKG"]
[SourceTitle "CBM 221 Extra"]
[Source "ChessBase"]
[SourceDate "2024.09.30"]
[SourceVersion "1"]
[SourceVersionDate "2024.09.30"]
[SourceQuality "1"]
[WhiteTeam "Filipino CC"]
[BlackTeam "Youth Chess Academy"]
[WhiteTeamCountry "PHI"]
[BlackTeamCountry "HKG"]

1. d4 Nf6 2. Bf4 d6 3. e3 g6 4. Nf3 Bg7 5. h3 0-0 6. Bc4 Nbd7 7. 0-0 b6 8. a4 Bb7 9. Nbd2 Re8 10. c3 e5 11. Bh2 Qe7 12. a5 h6 13. Qb3 e4 14. Ne1 d5 15. Be2 Nf8 16. Nc2 Rab8 17. axb6 axb6 18. Ra7 g5 19. Qb4 Qd8 20. Rfa1 Re7 21. Na3 Ne6 22. Nb5 Kh7 23. Nf1 Kg6 24. Qb3 h5 25. Qd1 Bc6 26. Be5 Bxb5 27. Bxb5 Ne8 28. Ng3 g4 29. hxg4 Bxe5 30. gxh5+ Kh7 31. dxe5 N8g7 32. Bc6 b5 33. Qxd5 Qg8 34. Qxe4+ Kh6 35. Qh4 Ree8 36. Qf6+ Kh7 37. Be4+ 1-0

[Event "Titled Tuesday intern op 07th May Early"]
[Site "Chess.com INT"]
[Date "2024.05.07"]
[Round "10"]
[White "Bryakin, Mikhail"]
[Black "Parondo, Rolly"]
[Result "1-0"]
[WhiteElo "2468"]
[BlackElo "2193"]
[PlyCount "97"]
[EventDate "2024.05.07"]
[EventType "swiss (blitz)"]
[EventRounds "11"]
[EventCountry "USA"]
[SourceTitle "EXT 2025"]
[Source "ChessBase"]
[SourceDate "2024.10.14"]
[SourceVersion "1"]
[SourceVersionDate "2024.10.14"]
[SourceQuality "1"]

1. c4 Nf6 2. g3 g6 3. Bg2 Bg7 4. Nc3 d6 5. d4 0-0 6. e4 c5 7. Nge2 cxd4 8. Nxd4 Nc6 9. Nxc6 bxc6 10. 0-0 Nd7 11. Be3 Nc5 12. Qc2 a5 13. b3 Qc7 14. Rad1 Ne6 15. f4 Bb7 16. Rd2 c5 17. Nb5 Qb8 18. f5 Nc7 19. a4 Na6 20. Bg5 Nb4 21. Qd1 Nc6 22. f6 exf6 23. Bxf6 Bxf6 24. Rxf6 Ne5 25. Rdxd6 Qc8 26. h3 Bc6 27. Qd2 Re8 28. Nc3 Qb7 29. Qc2 Rad8 30. Nb5 Bxb5 31. axb5 Rxd6 32. Rxd6 Qe7 33. Rd5 h5 34. Qd2 h4 35. gxh4 Qxh4 36. Qf2 Qg5 37. Qxc5 Re6 38. b6 Qc1+ 39. Kh2 Qf4+ 40. Kh1 Qc1+ 41. Qg1 Qb2 42. b7 Re8 43. Rc5 Qxb3 44. Rc8 Kf8 45. Qc5+ Kg7 46. Rxe8 Qb1+ 47. Kh2 Qb2 48. Qxe5+ Qxe5+ 49. Rxe5 1-0

[Event "Titled Tuesday intern op 07th May Early"]
[Site "Chess.com INT"]
[Date "2024.05.07"]
[Round "7"]
[White "Kamsky, Gata"]
[Black "Parondo, Rolly"]
[Result "1/2-1/2"]
[WhiteElo "2616"]
[BlackElo "2193"]
[PlyCount "147"]
[EventDate "2024.05.07"]
[EventType "swiss (blitz)"]
[EventRounds "11"]
[EventCountry "USA"]
[SourceTitle "EXT 2025"]
[Source "ChessBase"]
[SourceDate "2024.10.14"]
[SourceVersion "1"]
[SourceVersionDate "2024.10.14"]
[SourceQuality "1"]

1. e4 c5 2. Nf3 g6 3. c4 Bg7 4. d4 cxd4 5. Nxd4 Nc6 6. Be3 d6 7. Nc3 Nf6 8. Be2 0-0 9. 0-0 Bd7 10. Qd2 Nxd4 11. Bxd4 Bc6 12. Bd3 a5 13. b3 Nd7 14. Bxg7 Kxg7 15. Rab1 Nc5 16. f4 f6 17. Kh1 Qb6 18. Nd5 Bxd5 19. exd5 Rae8 20. Bc2 e5 21. dxe6 Rxe6 22. f5 Re5 23. Rbd1 Rfe8 24. fxg6 hxg6 25. Qxd6 Qxd6 26. Rxd6 Re2 27. Bb1 Re1 28. Kg1 f5 29. Rd1 R1e2 30. Rf2 Re1+ 31. Rxe1 Rxe1+ 32. Rf1 Re2 33. Rc1 Rb2 34. Rf1 Kh6 35. h3 Kg5 36. Re1 Kf4 37. Kh2 Kg5 38. Kg3 Na6 39. h4+ Kf6 40. Kf3 Nc5 41. g4 Ne6 42. gxf5 gxf5 43. Ke3 Rh2 44. Rf1 Rh3+ 45. Rf3 f4+ 46. Ke4 Rxh4 47. Kd5 Ng5 48. Rf1 f3 49. Kc5 Ke5 50. Kb6 Kd4 51. Kxb7 Kc5 52. Ka6 Kb4 53. Bc2 Rh2 54. Bd1 f2 55. c5 Kxc5 56. Kxa5 Ne4 57. b4+ Kd4 58. Be2 Ng3 59. Rd1+ Ke3 60. Bc4 Rh4 61. Ba6 Ne2 62. Bxe2 Kxe2 63. Rb1 Rd4 64. b5 Rd1 65. Rb2+ Rd2 66. Rb1 Rxa2+ 67. Kb4 f1Q 68. Rxf1 Kxf1 69. b6 Ke2 70. Kc5 Kd3 71. b7 Rb2 72. Kc6 Kc4 73. Kc7 Rxb7+ 74. Kxb7 1/2-1/2

[Event "Titled Tuesday intern op 07th May Early"]
[Site "Chess.com INT"]
[Date "2024.05.07"]
[Round "1"]
[White "Parondo, Rolly"]
[Black "Kozlov, Denis1"]
[Result "1-0"]
[WhiteElo "2193"]
[BlackElo "2093"]
[PlyCount "51"]
[EventDate "2024.05.07"]
[EventType "swiss (blitz)"]
[EventRounds "11"]
[EventCountry "USA"]
[SourceTitle "EXT 2025"]
[Source "ChessBase"]
[SourceDate "2024.10.14"]
[SourceVersion "1"]
[SourceVersionDate "2024.10.14"]
[SourceQuality "1"]

1. d4 Nf6 2. Bf4 d5 3. e3 c5 4. c3 Qb6 5. Nf3 Nc6 6. Na3 c4 7. b3 e5 8. dxe5 Bxa3 9. exf6 Bb2 10. fxg7 Bxc3+ 11. Nd2 Bxg7 12. bxc4 Bxa1 13. Qxa1 d4 14. Be2 Rg8 15. 0-0 Be6 16. Rb1 Qc5 17. Ne4 Qa3 18. Nf6+ Ke7 19. Nxg8+ Rxg8 20. Rxb7+ Ke8 21. Bf3 Qa6 22. Rc7 Ne7 23. Qxd4 Qxa2 24. h3 Bxh3 25. Rxe7+ Kxe7 26. Qd6+ 1-0

[Event "Titled Tuesday intern op 07th May Early"]
[Site "Chess.com INT"]
[Date "2024.05.07"]
[Round "2"]
[White "Parondo, Rolly"]
[Black "Rasulov, Vugar Ural Oglu"]
[Result "0-1"]
[WhiteElo "2193"]
[BlackElo "2560"]
[PlyCount "98"]
[EventDate "2024.05.07"]
[EventType "swiss (blitz)"]
[EventRounds "11"]
[EventCountry "USA"]
[SourceTitle "EXT 2025"]
[Source "ChessBase"]
[SourceDate "2024.10.14"]
[SourceVersion "1"]
[SourceVersionDate "2024.10.14"]
[SourceQuality "1"]

1. d4 d5 2. Bf4 e6 3. e3 Bd6 4. Bg3 Ne7 5. Nd2 Nf5 6. Bxd6 Nxd6 7. Ngf3 b6 8. c3 c5 9. Bd3 h6 10. 0-0 0-0 11. Ne5 Ba6 12. Qh5 Bxd3 13. Nxd3 Nd7 14. Nf4 Nf6 15. Qh3 Rc8 16. Nh5 Nxh5 17. Qxh5 Qf6 18. a4 a5 19. Nf3 Nc4 20. b3 Nd6 21. Ne5 Rc7 22. f3 cxd4 23. cxd4 Rfc8 24. h3 Qf5 25. Qh4 Qg5 26. Qxg5 hxg5 27. f4 gxf4 28. Rxf4 f6 29. Ng6 Ne4 30. Kh2 Kh7 31. Rxe4 dxe4 32. Nf4 Rc6 33. h4 Kg8 34. h5 Kf7 35. Rb1 Rc1 36. Rxc1 Rxc1 37. d5 e5 38. Ne6 Rc3 39. Nd8+ Ke7 40. Ne6 Kf7 41. Nd8+ Kg8 42. d6 Rd3 43. Nb7 Kf7 44. Kg1 Ke6 45. Kf2 Kd7 46. b4 axb4 47. a5 bxa5 48. Nc5+ Kxd6 49. Nxe4+ Ke7 0-1

[Event "Titled Tuesday intern op 23rd Apr Early"]
[Site "Chess.com INT"]
[Date "2024.04.23"]
[Round "2"]
[White "Oparin, Grigoriy"]
[Black "Parondo, Rolly"]
[Result "1-0"]
[WhiteElo "2670"]
[BlackElo "2193"]
[PlyCount "109"]
[EventDate "2024.04.23"]
[EventType "swiss (blitz)"]
[EventRounds "11"]
[EventCountry "USA"]
[SourceTitle "EXT 2025"]
[Source "ChessBase"]
[SourceDate "2024.10.14"]
[SourceVersion "1"]
[SourceVersionDate "2024.10.14"]
[SourceQuality "1"]

1. Nc3 Nf6 2. Nf3 d5 3. d4 c6 4. Bf4 Bf5 5. e3 e6 6. Bd3 Bg6 7. Ne5 Bxd3 8. cxd3 Nbd7 9. Qb3 Qb6 10. h3 Nxe5 11. dxe5 Nd7 12. Qc2 Qa6 13. 0-0 Be7 14. Bh2 0-0 15. e4 Bb4 16. Ne2 dxe4 17. dxe4 Rfd8 18. a3 Be7 19. Rad1 Nc5 20. Nf4 Qa4 21. Qe2 Qxe4 22. Qg4 Qf5 23. Qe2 Qe4 24. Qg4 Qf5 25. Qf3 Qe4 26. Qc3 Na4 27. Qb3 Nc5 28. Qc3 Na4 29. Rxd8+ Rxd8 30. Qa5 a6 31. Qc7 Bg5 32. Nh5 Nxb2 33. Nf6+ Bxf6 34. exf6 Qd5 35. Qxb7 Nd1 36. fxg7 Nc3 37. Qxa6 Qb5 38. Qxb5 cxb5 39. Be5 Nd5 40. Rb1 f6 41. Bd4 e5 42. Bc5 Nc3 43. Rb3 Rd3 44. Kh2 e4 45. Bf8 h5 46. h4 f5 47. g3 Rf3 48. Kg2 Kf7 49. Bd6 Nd1 50. Rxf3 exf3+ 51. Kxf3 Nb2 52. Kf4 Nc4 53. Bf8 Nxa3 54. Bxa3 Kxg7 55. Kxf5 1-0

[Event "Titled Tuesday intern op 23rd Apr Early"]
[Site "Chess.com INT"]
[Date "2024.04.23"]
[Round "8"]
[White "Parondo, Rolly"]
[Black "Bartel, Mateusz"]
[Result "0-1"]
[WhiteElo "2193"]
[BlackElo "2647"]
[PlyCount "114"]
[EventDate "2024.04.23"]
[EventType "swiss (blitz)"]
[EventRounds "11"]
[EventCountry "USA"]
[SourceTitle "EXT 2025"]
[Source "ChessBase"]
[SourceDate "2024.10.14"]
[SourceVersion "1"]
[SourceVersionDate "2024.10.14"]
[SourceQuality "1"]

1. d4 f5 2. Bf4 Nf6 3. e3 g6 4. h4 d6 5. h5 Rg8 6. hxg6 hxg6 7. Nc3 g5 8. Bg3 e6 9. Be2 Qe7 10. Nf3 Nc6 11. Qd2 Bd7 12. 0-0-0 0-0-0 13. Kb1 Ne4 14. Nxe4 fxe4 15. Nh2 Bg7 16. Ng4 Rh8 17. a3 Qf7 18. Qc3 Kb8 19. Qb3 Ne7 20. c4 Nf5 21. c5 Nxg3 22. fxg3 Bc6 23. Rhf1 Qe7 24. Bb5 Bd5 25. Bc4 dxc5 26. Ne5 Bxe5 27. dxe5 c6 28. Rf6 Qc7 29. Qc3 Bxc4 30. Rxd8+ Rxd8 31. Qxc4 Qxe5 32. Rxe6 Qxg3 33. Qxe4 a6 34. Qe5+ Qxe5 35. Rxe5 Rd5 36. Re8+ Kc7 37. Kc2 Rf5 38. g4 Rf2+ 39. Kc3 Rg2 40. Re4 Kd6 41. b3 b5 42. a4 Kd5 43. Re8 Rxg4 44. axb5 axb5 45. Rd8+ Ke6 46. Re8+ Kd7 47. Re5 Kd6 48. Rf5 Rg1 49. Kd3 g4 50. Ke4 g3 51. Rf6+ Kc7 52. Rg6 g2 53. Ke5 c4 54. bxc4 bxc4 55. Ke4 c3 56. Kf3 c2 57. Kf2 c1Q 0-1

[Event "Titled Tuesday intern op 23rd Apr Early"]
[Site "Chess.com INT"]
[Date "2024.04.23"]
[Round "3"]
[White "Parondo, Rolly"]
[Black "Melikhov, Evgeny V"]
[Result "1-0"]
[WhiteElo "2193"]
[BlackElo "2172"]
[PlyCount "53"]
[EventDate "2024.04.23"]
[EventType "swiss (blitz)"]
[EventRounds "11"]
[EventCountry "USA"]
[SourceTitle "EXT 2025"]
[Source "ChessBase"]
[SourceDate "2024.10.14"]
[SourceVersion "1"]
[SourceVersionDate "2024.10.14"]
[SourceQuality "1"]

1. d4 Nf6 2. Bf4 d5 3. e3 e6 4. Nd2 Bd6 5. Bg3 0-0 6. Ngf3 c5 7. c3 Qc7 8. Bd3 Nbd7 9. 0-0 Re8 10. c4 Bxg3 11. hxg3 e5 12. dxe5 Nxe5 13. Be2 dxc4 14. Nxc4 Nxc4 15. Bxc4 Be6 16. Qb3 Bxc4 17. Qxc4 Re4 18. Qc2 h6 19. Rfd1 b6 20. Rd2 Rd8 21. Rad1 Rxd2 22. Qxd2 Re7 23. Qc2 Rd7 24. Rc1 Qd6 25. a3 Qd3 26. Qa4 Ng4 27. Qxg4 1-0

[Event "Titled Tuesday intern op 23rd Apr Early"]
[Site "Chess.com INT"]
[Date "2024.04.23"]
[Round "11"]
[White "Parondo, Rolly"]
[Black "Vakhlamov, Igor L"]
[Result "0-1"]
[WhiteElo "2193"]
[BlackElo "2413"]
[PlyCount "112"]
[EventDate "2024.04.23"]
[EventType "swiss (blitz)"]
[EventRounds "11"]
[EventCountry "USA"]
[SourceTitle "EXT 2025"]
[Source "ChessBase"]
[SourceDate "2024.10.14"]
[SourceVersion "1"]
[SourceVersionDate "2024.10.14"]
[SourceQuality "1"]

1. d4 d5 2. Bf4 Nf6 3. e3 Bf5 4. Nf3 e6 5. Nbd2 Bd6 6. Bg3 0-0 7. Bd3 Re8 8. 0-0 c5 9. Bxf5 exf5 10. dxc5 Bxc5 11. c4 dxc4 12. Nxc4 Qe7 13. Bd6 Bxd6 14. Qxd6 Nc6 15. Qxe7 Rxe7 16. Rfd1 g6 17. Nd4 Rc8 18. Nd6 Rcc7 19. N6b5 Rc8 20. Nxc6 Rxc6 21. Nxa7 Rc2 22. b4 Ne4 23. Rf1 Rd7 24. Nb5 Rdd2 25. Nd4 Rxa2 26. Rxa2 Rxa2 27. b5 Rb2 28. h4 Nc3 29. Rc1 Nxb5 30. Rc8+ Kg7 31. Nxb5 Rxb5 32. Rc7 h5 33. g3 Kf6 34. Kg2 Ke6 35. Kf3 Rb2 36. Kg2 b5 37. Kf3 b4 38. Rb7 b3 39. Rb6+ Kd5 40. Rf6 Rc2 41. Rxf7 b2 42. Rb7 Kc4 43. e4 fxe4+ 44. Kxe4 Rxf2 45. Ke3 Rc2 46. Kf4 Kc3 47. Kg5 Rg2 48. Kxg6 Rxg3+ 49. Kxh5 Kc2 50. Rxb2+ Kxb2 51. Kh6 Kc3 52. h5 Kd4 53. Kh7 Ke5 54. h6 Kf6 55. Kh8 Kg6 56. h7 Ra3 0-1

[Event "Titled Tuesday intern op 23rd Apr Early"]
[Site "Chess.com INT"]
[Date "2024.04.23"]
[Round "10"]
[White "Samunenkov, Igor"]
[Black "Parondo, Rolly"]
[Result "0-1"]
[WhiteElo "2548"]
[BlackElo "2193"]
[PlyCount "102"]
[EventDate "2024.04.23"]
[EventType "swiss (blitz)"]
[EventRounds "11"]
[EventCountry "USA"]
[SourceTitle "EXT 2025"]
[Source "ChessBase"]
[SourceDate "2024.10.14"]
[SourceVersion "1"]
[SourceVersionDate "2024.10.14"]
[SourceQuality "1"]

1. d4 Nf6 2. c4 g6 3. Nf3 Bg7 4. g3 d6 5. Bg2 0-0 6. Nc3 c6 7. 0-0 Qa5 8. e4 Bg4 9. h3 Bxf3 10. Bxf3 c5 11. d5 Qb4 12. Be2 Nfd7 13. Bd2 Qxb2 14. Rb1 Qa3 15. Nb5 Qxa2 16. Nc7 Na6 17. Nxa8 Rxa8 18. Rxb7 Ne5 19. Qc1 Nb4 20. Rxe7 a5 21. Rd1 a4 22. Bf1 a3 23. Bc3 Qb3 24. Ba1 Nc2 25. Bxe5 Bxe5 26. Rxe5 dxe5 27. Rd3 Qb2 28. Qxb2 axb2 29. Rb3 Ra2 30. d6 Nd4 31. Rb8+ Kg7 32. d7 Nc6 33. Rb6 Nd8 34. Kg2 Kf8 35. Bd3 Ke7 36. Bb1 Ra4 37. Rxb2 Rxc4 38. Ba2 Rxe4 39. Rc2 Ra4 40. Bb3 Ra5 41. Re2 f6 42. f4 Nc6 43. Bd5 Kxd7 44. Bxc6+ Kxc6 45. fxe5 fxe5 46. Rxe5 Kd6 47. Re8 Ra7 48. Kf3 c4 49. Rd8+ Rd7 50. Rb8 c3 51. Ke3 Rc7 0-1

[Event "Titled Tuesday intern op 09th Apr Early"]
[Site "Chess.com INT"]
[Date "2024.04.09"]
[Round "9"]
[White "Aaditya, Dhingra"]
[Black "Parondo, Rolly"]
[Result "0-1"]
[WhiteElo "2495"]
[BlackElo "2193"]
[PlyCount "127"]
[EventDate "2024.04.09"]
[EventType "swiss (blitz)"]
[EventRounds "11"]
[EventCountry "USA"]
[SourceTitle "EXT 2025"]
[Source "ChessBase"]
[SourceDate "2024.10.14"]
[SourceVersion "1"]
[SourceVersionDate "2024.10.14"]
[SourceQuality "1"]

1. e4 c5 2. Nf3 d6 3. d4 cxd4 4. Nxd4 Nf6 5. Nc3 g6 6. Be2 Bg7 7. 0-0 0-0 8. Be3 Nc6 9. f4 Nxd4 10. Bxd4 Bd7 11. Bf3 Bc6 12. Kh1 e5 13. fxe5 dxe5 14. Bxe5 Re8 15. Bd6 Nxe4 16. Bxe4 Bxe4 17. Nxe4 Rxe4 18. Qd5 Re7 19. Rad1 Rd7 20. c4 Bxb2 21. c5 Rc8 22. Qf3 Bg7 23. Qg4 h5 24. Qa4 b6 25. Bg3 Rxd1 26. Rxd1 Qe7 27. c6 Qe8 28. Rc1 Bh6 29. Rc2 Qe3 30. Qa6 Qe6 31. c7 h4 32. Bxh4 Qd7 33. Qe2 Rxc7 34. Rxc7 Qxc7 35. h3 Bf4 36. Bf2 Qc1+ 37. Qe1 Qxe1+ 38. Bxe1 f5 39. g3 Be3 40. Kg2 b5 41. Kf3 Bc1 42. g4 Kf7 43. gxf5 gxf5 44. h4 Kg6 45. Bf2 Kh5 46. Bxa7 Kxh4 47. Bc5 Kg5 48. Be7+ Kg6 49. Bd8 Kf7 50. Bc7 Ke6 51. Bb8 Kd5 52. Bc7 Kc4 53. Bd6 Bg5 54. Be5 Kb4 55. Bd6+ Kc3 56. Ke2 Kb2 57. a3 Kb3 58. Kd3 Bc1 59. Kd4 Bxa3 60. Bc7 Bc1 61. Kc5 b4 62. Kd5 Kc2 63. Bd6 b3 64. Be5 0-1

[Event "Titled Tuesday intern op 09th Apr Early"]
[Site "Chess.com INT"]
[Date "2024.04.09"]
[Round "7"]
[White "Salinas Herrera, Pablo Patricio"]
[Black "Parondo, Rolly"]
[Result "1/2-1/2"]
[WhiteElo "2487"]
[BlackElo "2193"]
[PlyCount "114"]
[EventDate "2024.04.09"]
[EventType "swiss (blitz)"]
[EventRounds "11"]
[EventCountry "USA"]
[SourceTitle "EXT 2025"]
[Source "ChessBase"]
[SourceDate "2024.10.14"]
[SourceVersion "1"]
[SourceVersionDate "2024.10.14"]
[SourceQuality "1"]

1. e4 c5 2. Nf3 d6 3. d4 cxd4 4. Nxd4 Nf6 5. Nc3 g6 6. Be3 Bg7 7. f3 0-0 8. Qd2 Nc6 9. g4 Be6 10. h4 d5 11. g5 Nh5 12. Nxe6 fxe6 13. exd5 exd5 14. Nxd5 Rxf3 15. Bg2 Rg3 16. 0-0-0 e6 17. Qf2 Rxg2 18. Qxg2 exd5 19. Rxd5 Qe7 20. Bd2 Rf8 21. Kb1 a5 22. a3 Ng3 23. Re1 Qf7 24. Rb5 Nf5 25. h5 gxh5 26. Rf1 Qd7 27. Rd5 Qe6 28. Bc1 Nfd4 29. Rxf8+ Bxf8 30. g6 hxg6 31. Rxh5 Bg7 32. Rg5 Kf7 33. Rg4 Nf5 34. Rf4 b5 35. Re4 Qd5 36. Qe2 b4 37. axb4 axb4 38. Rf4 Qe6 39. Qb5 Be5 40. Qb7+ Kf6 41. Rf1 Qd6 42. Qc8 b3 43. Qh8+ Kf7 44. Qh7+ Kf6 45. Qh8+ Kf7 46. Qh7+ Bg7 47. Rxf5+ gxf5 48. Qxf5+ Bf6 49. Qh5+ Ke7 50. Qe2+ Kd8 51. cxb3 Nd4 52. Qd3 Qd5 53. Be3 Qxb3 54. Qxb3 Nxb3 55. Kc2 Na5 56. Bb6+ Kc8 57. Bxa5 Bxb2 1/2-1/2

[Event "Titled Tuesday intern op 09th Apr Early"]
[Site "Chess.com INT"]
[Date "2024.04.09"]
[Round "6"]
[White "Svane, Rasmus"]
[Black "Parondo, Rolly"]
[Result "1-0"]
[WhiteElo "2627"]
[BlackElo "2193"]
[PlyCount "149"]
[EventDate "2024.04.09"]
[EventType "swiss (blitz)"]
[EventRounds "11"]
[EventCountry "USA"]
[SourceTitle "EXT 2025"]
[Source "ChessBase"]
[SourceDate "2024.10.14"]
[SourceVersion "1"]
[SourceVersionDate "2024.10.14"]
[SourceQuality "1"]

1. Nf3 Nf6 2. g3 g6 3. Bg2 Bg7 4. 0-0 0-0 5. d4 d6 6. Re1 Ne4 7. Nbd2 f5 8. c3 d5 9. a4 a5 10. Qc2 e6 11. b3 b6 12. Ba3 Re8 13. e3 Ba6 14. c4 c6 15. Rac1 Bb7 16. Red1 Na6 17. Ne5 Nb4 18. Qb1 Rc8 19. Nd3 Nxd3 20. Qxd3 Ba6 21. Qb1 h5 22. Nf3 g5 23. Ne5 Bb7 24. f3 Nf6 25. c5 Ba8 26. cxb6 Qxb6 27. Bc5 Qb7 28. b4 axb4 29. Qxb4 Qxb4 30. Bxb4 g4 31. a5 gxf3 32. Bxf3 Ne4 33. Bxh5 Red8 34. Bf7+ Kh7 35. Bxe6 Rb8 36. Bxf5+ Kg8 37. Be1 Bxe5 38. dxe5 Ng5 39. Bg4 c5 40. h4 Ne4 41. Bf3 d4 42. exd4 cxd4 43. Bg2 Rb2 44. Bh1 Rb3 45. Rc4 Nxg3 46. Bxa8 Rxa8 47. Bxg3 Rxg3+ 48. Kh2 Re3 49. Rc5 d3 50. Rd5 Rf8 51. R1xd3 Rf2+ 52. Kg1 Ree2 53. Rg3+ Kf7 54. Rd7+ Ke6 55. Rd1 Ra2 56. Re1 Rf5 57. Rg6+ Ke7 58. Rg5 Rxg5+ 59. hxg5 Rxa5 60. Kg2 Ke6 61. Kg3 Kf5 62. Kh4 Ra8 63. Rf1+ Kxe5 64. g6 Ke6 65. Kg5 Ke7 66. g7 Ra5+ 67. Kg6 Ra6+ 68. Kh7 Rc6 69. g8Q Kd7 70. Rf7+ Kd6 71. Rf6+ Kc5 72. Rxc6+ Kxc6 73. Qe6+ Kb7 74. Kg6 Ka8 75. Kf5 1-0